Algebraic structures and their representations : XV Coloquio Latinoamericano de Algebra, Cocoyoc, Morelos, México, July 20-26, 2003 /
Guardado en:
| Autor Corporativo: | |
|---|---|
| Otros Autores: | , , |
| Formato: | Libro |
| Idioma: | English |
| Publicado: |
Providence, R.I. :
American Mathematical Society,
c2005.
|
| Series: | Contemporary mathematics (American Mathematical Society) ;
v. 376. |
| Materias: | |
| Etiquetas: |
Agregar Etiqueta
Sin Etiquetas, Sea el primero en etiquetar este registro!
|
| LEADER | 01291cam a22003014a 4500 | ||
|---|---|---|---|
| 001 | MAT.inmabb004525 | ||
| 008 | 050207s2005####riu######b####100#0#eng## | ||
| 005 | 20180215120138.0 | ||
| 245 | 1 | 0 | |a Algebraic structures and their representations : |b XV Coloquio Latinoamericano de Algebra, Cocoyoc, Morelos, México, July 20-26, 2003 / |c José A. de la Peña, Ernesto Vallejo, Natig Atakishiyev, editors. |
| 260 | |a Providence, R.I. : |b American Mathematical Society, |c c2005. | ||
| 300 | |a xxv, 436 p. ; |c 26 cm. | ||
| 490 | 1 | |a Contemporary mathematics, |x 0271-4132 ; |v 376 | |
| 504 | |a Incluye referencias bibliográficas. | ||
| 510 | 4 | |a MR, |c 2006a:16002 | |
| 020 | |a 0821836307 (alk. paper) | ||
| 111 | 2 | |a Coloquio Latinoamericano de Álgebra |n (15th : |d 2003 : |c Cocoyoc, Mexico) | |
| 700 | 1 | |a Peña, José Antonio de la, |d 1958- | |
| 700 | 1 | |a Vallejo, Ernesto, |d 1959- | |
| 700 | 1 | |a Atakishiyev, Natig M. | |
| 830 | 0 | |a Contemporary mathematics (American Mathematical Society) ; |v v. 376. | |
| 650 | 0 | |a Ordered algebraic structures |v Congresses. | |
| 650 | 0 | |a Representations of graphs |v Congresses. | |
| 650 | 0 | |a Rings (Algebra) |v Congresses. | |
| 650 | 0 | |a Algebra |v Congresses. | |
| 084 | |a 16-06 |2 MR | ||
| 010 | |a 2005042812 | ||
| 040 | |a DLC |c DLC |d DLC | ||
| 859 | |h 16 |i C719-15 |p A-8450 |b BIB. MATEMATICA | ||
